000 00458nam a2200157 i 4500
001 90248
003 ES-MaACL
005 20230906180406.0
007 t|
008 050119s1967 sp ||||1| spa d
100 1 _aLedesma Criado, José.
_971152
245 1 4 _aLos niños y la tarde
_b: (1960-1966) /
_cJosé Ledesma Criado.
260 _aSalamanca :
_b[s.n.,
_c1967] (
_fImp. Calatrava)
300 _a63 p. ;
_c21 cm.
852 _aES-MaACL
_jC-31870
_bR.62734
999 _c90248
_d90248